000 01713nam0a2200361 i 4500
001 RU\NLR\BIBL_A\010306593
005 20240921155507.0
010 _a9785906416063
_9500
021 _aRU
_b2014-12234
_9790
035 _a(NILC)RuMoRGB-006752107
035 _a(NLR Aleph) 010306593
090 _a10620628
_c10620628
100 _a20140416d2014 m y0rusy50 ca
101 0 _arus
102 _aRU
105 _aa j 000yy
200 1 _aТеория и практика проведения социологических исследований в профсоюзной организации
_e(на примере проведения исследования по мотивации профсоюзного членства)
_fГ. Н. Асеева
_gЗональный учебно-методический центр профсоюзов Санкт-Петербурга
210 _aСанкт-Петербург
_cЗУМЦ
_d2014
215 _a76 с.
_cцв. ил., табл.
_d22
225 1 _aСерия: Организационная работа в профсоюзах
_vвып. 5
300 _aНа обл. авт. не указан
320 _aБиблиогр.: с. 59-60 (26 назв.)
606 1 _aСоциологические исследования
_jУчебно-методические пособия
_91175480
_3RU\NLR\AUTH\66472286
675 _a316.334.22:331.105.44
686 1 _aС5в6я7
700 1 _aАсеева
_bГ. Н.
_gГалина Николаевна
801 0 _aRU
_bRuMoRKP
_c20140227
_gRCR
801 2 _aRU
_bРГБ
_c20140319
_grcr
801 1 _aRU
_bRuMoRKP
_c20140227
_2rusmarc
942 _cBOOK
980 _aNBR